[Event "II. CLANSKA LIGA ZAHOD 2012"]
[Site " Ljubljana"]
[Date "2012.10.28"]
[Round "9.6"]
[White "Pecnik, Primoz"]
[Black "Banko, Franci"]
[Result "1-0"]
[WhiteElo "1818"]
[BlackElo "1537"]
[PlyCount "113"]
[EventDate "2012.10.28"]
[WhiteTeam "SS KC DR LOJZ KREIGHER LJUBLJANA"]
[BlackTeam "SK TRZIN"]

1. e4 c5 2. Nf3 Nc6 3. d4 d6 4. dxc5 Qa5+ 5. Nc3 Qxc5 6. Be3 Qa5 7. Qd2 Nf6 8.
h3 e5 9. Bc4 Be6 10. Bb3 Bxb3 11. cxb3 Be7 12. O-O O-O 13. Rfd1 a6 14. Qe2 b5
15. Bg5 Qc7 16. Rac1 Rad8 17. Nd5 Qb7 18. Rxc6 Nxd5 19. exd5 Bxg5 20. Nxg5 h6
21. Ne4 Qe7 22. Rdc1 f5 23. Rc7 Rd7 24. Rxd7 Qxd7 25. Ng3 g6 26. Qc2 Kf7 27.
Qc7 Qxc7 28. Rxc7+ Kf6 29. Rd7 e4 30. Rxd6+ Ke5 31. Rxg6 Kxd5 32. Rxh6 f4 33.
Ne2 f3 34. Nc3+ Kd4 35. Rd6+ Ke5 36. Rd7 b4 37. Nd1 Kf4 38. g3+ Kf5 39. Ne3+
Kf6 40. Kf1 Rc8 41. Rc7 Rd8 42. Ke1 Ra8 43. Rc4 a5 44. Rxe4 a4 45. bxa4 Rxa4
46. Rxb4 Rxa2 47. Rf4+ Kg5 48. Nc4 Ra1+ 49. Kd2 Rh1 50. h4+ Kg6 51. Ke3 Ra1 52.
Kxf3 Ra7 53. Kg4 Rg7 54. h5+ Kh6+ 55. Kh4 Rg5 56. Rf6+ Kg7 57. Kxg5 1-0

[Event "II. CLANSKA LIGA ZAHOD 2012"]
[Site " Ljubljana"]
[Date "2012.10.28"]
[Round "9.1"]
[White "Kodric, Vladimir"]
[Black "Markoja, Sebastijan"]
[Result "1/2-1/2"]
[WhiteElo "1946"]
[BlackElo "2048"]
[PlyCount "90"]
[EventDate "2012.10.28"]
[WhiteTeam "SK LOSKA DOLINA"]
[BlackTeam "SK KOMENDA"]

1. d4 Nf6 2. Bf4 g6 3. c3 Bg7 4. h3 d6 5. Nf3 O-O 6. Nbd2 Nbd7 7. Qc2 Re8 8. e4
e5 9. dxe5 Nxe5 10. Nxe5 dxe5 11. Be3 c6 12. Bc4 Qc7 13. O-O Nh5 14. Rfe1 Nf4
15. a4 Qe7 16. Bf1 g5 17. g4 h5 18. f3 Be6 19. Bf2 Bf8 20. Kh2 Qf6 21. Bg3 Rad8
22. Nc4 hxg4 23. fxg4 a6 24. Ne3 Bc5 25. Nf5 Rd7 26. Rad1 Red8 27. Rxd7 Rxd7
28. Rd1 Qd8 29. Rxd7 Qxd7 30. Be1 f6 31. Kg3 Qh7 32. Kh2 Qc7 33. Kh1 Ba7 34.
Bf2 Bxf2 35. Qxf2 b5 36. Qc5 Bxf5 37. exf5 Qd7 38. axb5 axb5 39. Kg1 e4 40. c4
Nd3 41. Qe3 bxc4 42. Bg2 Ne5 43. Bxe4 Qd1+ 44. Kf2 Qd6 45. Ke2 Kf7 1/2-1/2

[Event "II. CLANSKA LIGA ZAHOD 2012"]
[Site " Ljubljana"]
[Date "2012.10.28"]
[Round "9.2"]
[White "Leonardi, Caterina"]
[Black "Drobnic, Janez"]
[Result "1-0"]
[WhiteElo "1868"]
[BlackElo "1779"]
[PlyCount "133"]
[EventDate "2012.10.28"]
[WhiteTeam "SK LOSKA DOLINA"]
[BlackTeam "SK KOMENDA"]

1. d4 d5 2. c4 e6 3. Nc3 Nf6 4. Nf3 Be7 5. Bg5 O-O 6. e3 c6 7. Bd3 Nbd7 8. O-O
Re8 9. h3 dxc4 10. Bxc4 Nd5 11. Bxe7 Qxe7 12. Bb3 Nxc3 13. bxc3 e5 14. e4 Kh8
15. dxe5 Nxe5 16. Nxe5 Qxe5 17. Bxf7 Rf8 18. Qd3 Bxh3 19. Qxh3 Rxf7 20. Rae1
Raf8 21. Qe3 Qa5 22. Re2 Qe5 23. Rd2 Rf4 24. f3 Qg5 25. e5 h6 26. e6 Re8 27.
Re1 Rf6 28. e7 Qxe3+ 29. Rxe3 Kg8 30. Rd7 b5 31. Rxa7 Kf7 32. Rc7 Rd6 33. Re2
Rd1+ 34. Kf2 Rc1 35. Rxc6 Rxe7 36. Rb2 Ra7 37. Rc5 Ra3 38. Rcxb5 Raxc3 39. Rb7+
Kg6 40. R2b6+ Kh7 41. Ra7 R3c2+ 42. Kg3 Rg1 43. Rbb7 Rgxg2+ {(=)} 44. Kf4 Rxa2
45. Rxg7+ Rxg7 46. Rxa2 Rf7+ 47. Kg4 h5+ 48. Kg3 Rf5 49. Ra6 Kg7 50. f4 Kh7 51.
Kf3 Kg8 52. Ke4 Rb5 53. f5 Kf7 54. Kf4 h4 55. Rh6 Kg7 56. Rg6+ Kf7 57. Kg5 h3
58. Rh6 Rb2 59. Rh7+ Kf8 60. Rxh3 Kf7 61. Rh7+ Kf8 62. Kg6 Kg8 63. Ra7 Rb6+ 64.
f6 Rb8 65. Rg7+ Kh8 66. Rh7+ Kg8 67. f7+ 1-0

[Event "II. CLANSKA LIGA ZAHOD 2012"]
[Site " Ljubljana"]
[Date "2012.10.28"]
[Round "9.3"]
[White "Stanic, Vitko"]
[Black "Unuk, Laura"]
[Result "0-1"]
[WhiteElo "1796"]
[BlackElo "1948"]
[PlyCount "96"]
[EventDate "2012.10.28"]
[WhiteTeam "SK LOSKA DOLINA"]
[BlackTeam "SK KOMENDA"]

1. d4 g6 2. Nf3 Nf6 3. g3 Bg7 4. Bg2 O-O 5. O-O d6 6. Nbd2 c6 7. c3 Qc7 8. e4
Nbd7 9. Re1 e5 10. Nb3 a5 11. h3 b6 12. Bg5 h6 13. Bd2 Ba6 14. Bf1 Bxf1 15.
Kxf1 Rae8 16. Qc2 Re7 17. Rad1 Ne8 18. Qc1 Kh7 19. Qc2 Qc8 20. Kg2 Ndf6 21. Bc1
Ng8 22. dxe5 dxe5 23. Be3 c5 24. Nh4 Qc6 25. Kg1 Qe6 26. Kh2 Nd6 27. Nc1 Nf6
28. f3 Nfe8 29. Ng2 f5 30. Rf1 fxe4 31. fxe4 Nf6 32. Qb3 Ndxe4 33. Qxe6 Rxe6
34. Ne2 Re7 35. g4 Rff7 36. Rd8 Nxg4+ 37. hxg4 Rxf1 38. Rb8 Rf6 39. b4 axb4 40.
cxb4 Ra7 41. bxc5 bxc5 42. Rb2 Rfa6 43. Nc1 Rc7 44. Rc2 c4 45. Ne1 Nf6 46. Kh3
Ra3 47. Ng2 Nd5 48. Re2 Nf4+ 0-1

[Event "II. CLANSKA LIGA ZAHOD 2012"]
[Site " Ljubljana"]
[Date "2012.10.28"]
[Round "9.4"]
[White "Vidic, Teja"]
[Black "Loknar, Kresimir"]
[Result "1-0"]
[WhiteElo "1850"]
[BlackElo "1707"]
[PlyCount "37"]
[EventDate "2012.10.28"]
[WhiteTeam "SK KOMENDA"]
[BlackTeam "SK LOSKA DOLINA"]

1. e4 e5 2. Nf3 Nf6 3. Nxe5 d6 4. Nf3 Nxe4 5. d4 d5 6. Bd3 Bg4 7. O-O Be7 8.
Re1 f5 9. c4 c6 10. cxd5 Qxd5 11. Bxe4 fxe4 12. Nc3 Bxf3 13. gxf3 Qf5 14. Rxe4
Kd7 15. d5 Bd6 16. Rg4 g6 17. dxc6+ Nxc6 18. Ne4 Qf8 19. Bf4 1-0

[Event "II. CLANSKA LIGA ZAHOD 2012"]
[Site " Ljubljana"]
[Date "2012.10.28"]
[Round "9.5"]
[White "Drobnic, Milan"]
[Black "Kralj, Manca"]
[Result "1-0"]
[WhiteElo "1731"]
[BlackElo "1784"]
[PlyCount "115"]
[EventDate "2012.10.28"]
[WhiteTeam "SK LOSKA DOLINA"]
[BlackTeam "SK KOMENDA"]

1. d4 d5 2. c4 dxc4 3. Nf3 Nf6 4. e3 e6 5. Bxc4 Be7 6. O-O O-O 7. b3 b6 8. Bb2
Bb7 9. Nc3 c5 10. dxc5 Bxc5 11. Qxd8 Rxd8 12. Rfd1 Nbd7 13. Ne2 Bxf3 14. gxf3
Be7 15. Rac1 a6 16. Ng3 Nc5 17. Kg2 Rd7 18. Rxd7 Nfxd7 19. Ba3 Nxb3 20. axb3
Bxa3 21. Ra1 b5 22. Rxa3 bxc4 23. bxc4 a5 24. Ne4 f5 25. Nd6 Nc5 26. Nb5 a4 27.
Nc3 Kf7 28. f4 Rb8 29. Nb5 Kf6 30. Kf3 e5 31. fxe5+ Kxe5 32. Ke2 Ra8 33. f4+
Kf6 34. Nc3 Kg6 35. Kf3 Kh5 36. Ra2 Kg6 37. h4 Kf7 38. e4 fxe4+ 39. Nxe4 Nxe4
40. Kxe4 Ke6 41. Ra3 Kd6 42. Kd4 g6 43. h5 Kc6 44. hxg6 hxg6 45. Rg3 Rg8 46.
Kc3 Kc5 47. Rg5+ Kd6 48. f5 Ke5 49. fxg6+ Kf6 50. Rg1 Rxg6 51. Rxg6+ Kxg6 52.
Kb4 Kf6 53. Kxa4 Ke6 54. Kb5 Kd7 55. Kb6 Kc8 56. c5 Kb8 57. c6 Ka8 58. Kc7 1-0

[Event "II. CLANSKA LIGA ZAHOD 2012"]
[Site " Ljubljana"]
[Date "2012.10.28"]
[Round "9.6"]
[White "Bernik, Alja"]
[Black "Bavec, Uros"]
[Result "0-1"]
[WhiteElo "1680"]
[BlackElo "1643"]
[PlyCount "48"]
[EventDate "2012.10.28"]
[WhiteTeam "SK KOMENDA"]
[BlackTeam "SK LOSKA DOLINA"]

1. e4 c5 2. Nc3 Nc6 3. g3 e6 4. Bg2 d6 5. f4 Be7 6. Nf3 h6 7. d3 Nf6 8. O-O O-O
9. h3 a6 10. g4 Nh7 11. f5 exf5 12. gxf5 Nf6 13. Nh2 Ne5 14. Bf3 Bd7 15. Ng4
Nfxg4 16. Bxg4 Bg5 17. Kh2 Bc6 18. Bf3 Kh7 19. Rg1 Bxc1 20. Rxc1 Qh4 21. Bg2
Rad8 22. Qe1 Ng4+ 23. Kh1 Nf2+ 24. Kh2 Qf4# 0-1

[Event "II. CLANSKA LIGA ZAHOD 2012"]
[Site " Ljubljana"]
[Date "2012.10.28"]
[Round "9.1"]
[White "Bogdanovski, Vlatko"]
[Black "Plenca, Julijan"]
[Result "1/2-1/2"]
[WhiteElo "2449"]
[BlackElo "2327"]
[PlyCount "63"]
[EventDate "2012.10.28"]
[WhiteTeam "SD KOPER"]
[BlackTeam "MATRIKA ZVO - SD STARI TRG OB KOLPI"]

1. d4 Nf6 2. Nf3 g6 3. Bg5 Bg7 4. Nbd2 d5 5. e3 O-O 6. Be2 c5 7. c3 b6 8. O-O
Bb7 9. h3 Nbd7 10. a4 Ne4 11. Bf4 a6 12. Bh2 Re8 13. Nxe4 dxe4 14. Nd2 cxd4 15.
cxd4 e5 16. dxe5 Nxe5 17. Nc4 Nd3 18. Bxd3 exd3 19. Nd6 Re7 20. Qxd3 Bxb2 21.
Rad1 Rd7 22. Qb3 Qf6 23. Ne4 Bxe4 24. Rxd7 Rc8 25. Rd6 Qg5 26. Bg3 Rc2 27. Qxb6
Qxg3 28. fxg3 Rxg2+ 29. Kh1 Rxg3+ 30. Kh2 Rg2+ 31. Kh1 Rg5+ 32. Kh2 1/2-1/2

[Event "II. CLANSKA LIGA ZAHOD 2012"]
[Site " Ljubljana"]
[Date "2012.10.28"]
[Round "9.3"]
[White "Sirnik, Bostjan"]
[Black "Kobe, Uros"]
[Result "1-0"]
[WhiteElo "2233"]
[BlackElo "2192"]
[PlyCount "61"]
[EventDate "2012.10.28"]
[WhiteTeam "SD KOPER"]
[BlackTeam "MATRIKA ZVO - SD STARI TRG OB KOLPI"]

1. d4 Nf6 2. Nf3 g6 3. Bf4 Bg7 4. e3 d6 5. h3 Nh5 6. Bh2 f5 7. Bc4 e6 8. Nc3
Qe7 9. Qe2 Nc6 10. d5 Na5 11. Bb5+ c6 12. dxc6 bxc6 13. Rd1 f4 14. exf4 O-O 15.
Ba6 Nxf4 16. Bxf4 Rxf4 17. Bxc8 Rxc8 18. Qa6 Qc7 19. Rxd6 Nc4 20. Rxe6 Nxb2 21.
Nb1 Rc4 22. O-O Rxc2 23. Rfe1 Rd8 24. Na3 Rc3 25. Ng5 h6 26. Nb5 Qc8 27. Qxc8
Rxc8 28. Re8+ Rxe8 29. Rxe8+ Bf8 30. Nxc3 hxg5 31. Ne4 1-0

[Event "II. CLANSKA LIGA ZAHOD 2012"]
[Site " Ljubljana"]
[Date "2012.10.28"]
[Round "9.4"]
[White "Baric, Dusan"]
[Black "Vrcon, Damijan"]
[Result "1-0"]
[WhiteElo "2051"]
[BlackElo "2167"]
[PlyCount "129"]
[EventDate "2012.10.28"]
[WhiteTeam "MATRIKA ZVO - SD STARI TRG OB KOLPI"]
[BlackTeam "SD KOPER"]

1. e4 c5 2. c3 e6 3. d4 d5 4. exd5 exd5 5. Nf3 Nc6 6. Be3 Qb6 7. dxc5 Qxb2 8.
Qb3 Qxa1 9. Bb5 Bf5 10. O-O Nge7 11. Nbd2 Qxf1+ 12. Kxf1 O-O-O 13. Nd4 Bd7 14.
N2f3 f6 15. Bf4 g5 16. Bd6 g4 17. Nh4 Rg8 18. Qb1 Nxd4 19. Bxd7+ Rxd7 20. cxd4
Nc6 21. Nf5 Bxd6 22. Nxd6+ Kb8 23. Qf5 Rgd8 24. Qxf6 h5 25. f4 gxf3 26. gxf3
Rg8 27. Kf2 Rdg7 28. a3 Rg6 29. Qf4 Ka8 30. Qf7 R6g7 31. Qxd5 h4 32. h3 Rf8 33.
Qe4 Rfg8 34. Qxh4 Rg2+ 35. Ke3 Ra2 36. Nc4 Rc2 37. Kd3 Rc1 38. d5 Rd1+ 39. Nd2
Ne5+ 40. Ke4 Ng6 41. Qh6 Re8+ 42. Kd3 Ne5+ 43. Kc2 Re1 44. Qh5 Nd7 45. Ne4 Rg8
46. Kd2 Ra1 47. Qh7 Rg2+ 48. Ke3 Nb8 49. d6 Rxa3+ 50. Kf4 Rd3 51. Qc7 a6 52. h4
Rg8 53. Qf7 Rh8 54. h5 Nc6 55. Ng5 Ka7 56. Qg6 Rd4+ 57. Kg3 Rd5 58. h6 Nd4 59.
h7 Rxc5 60. Qf6 Nf5+ 61. Kf4 Nh4 62. Kg4 Rc4+ 63. Kh5 Rxh7+ 64. Nxh7 Ng2 65. d7
1-0

[Event "II. CLANSKA LIGA ZAHOD 2012"]
[Site " Ljubljana"]
[Date "2012.10.28"]
[Round "9.5"]
[White "Brecevic, Vladko"]
[Black "Bedic, Slavko"]
[Result "*"]
[WhiteElo "2112"]
[BlackElo "2000"]
[PlyCount "100"]
[EventDate "2012.10.28"]
[WhiteTeam "SD KOPER"]
[BlackTeam "MATRIKA ZVO - SD STARI TRG OB KOLPI"]

1. d4 d5 2. c4 Nf6 3. Nf3 e6 4. Nc3 c5 5. cxd5 Nxd5 6. e4 cxd4 7. Bb5+ Bd7 8.
exd5 dxc3 9. dxe6 fxe6 10. Bxd7+ Qxd7 11. Qxd7+ Nxd7 12. bxc3 Bc5 13. O-O h6
14. Re1 Kf7 15. Be3 Rac8 16. Rad1 Rhd8 17. Rd3 Bxe3 18. Rdxe3 Nc5 19. Nd4 Rd6
20. Rf3+ Kg8 21. h4 Re8 22. Rg3 Rf8 23. Re5 b6 24. Rge3 Rf6 25. g3 Kf7 26. f4
Nd7 27. Rb5 Nc5 28. Rb1 a6 29. Nf3 Ke7 30. Kf2 Kd7 31. Ke2 Kc7 32. Rb4 Rf8 33.
Rd4 Rfd8 34. Rxd6 Kxd6 35. Kd2 Rf8 36. Kc2 Rc8 37. Ne5 Rf8 38. Re1 Kc7 39. Nf3
Kd6 40. Rd1+ Kc7 41. Nd4 Rf6 42. Re1 Kd6 43. Re3 Rf8 44. Nb3 Nd7 45. Rd3+ Kc7
46. Re3 Kd6 47. Nd2 Nc5 48. Ne4+ Nxe4 49. Rxe4 Rf5 50. Rb4 Kc6 *

[Event "II. CLANSKA LIGA ZAHOD 2012"]
[Site " Ljubljana"]
[Date "2012.10.28"]
[Round "9.6"]
[White "Turkovic, Igor"]
[Black "Cibej, Marjan"]
[Result "0-1"]
[WhiteElo "1901"]
[BlackElo "1889"]
[PlyCount "28"]
[EventDate "2012.10.28"]
[WhiteTeam "MATRIKA ZVO - SD STARI TRG OB KOLPI"]
[BlackTeam "SD KOPER"]

1. d4 d5 2. c4 Bf5 3. Nc3 e6 4. Nf3 c6 5. Bf4 Nd7 6. e3 Qb6 7. Qb3 Ngf6 8. h3
Be7 9. Nh4 Qxb3 10. axb3 Bc2 11. Kd2 Bxb3 12. c5 Ne4+ 13. Nxe4 dxe4 14. g3 g5
0-1

[Event "II. CLANSKA LIGA ZAHOD 2012"]
[Site " Ljubljana"]
[Date "2012.10.28"]
[Round "9.1"]
[White "Rodman, Franc"]
[Black "Bajzelj, Primoz"]
[Result "1/2-1/2"]
[WhiteElo "2148"]
[BlackElo "2049"]
[PlyCount "33"]
[EventDate "2012.10.28"]
[WhiteTeam "SD JESENICE"]
[BlackTeam "SD SIMP RADOVLJICA"]

1. d4 Nf6 2. c4 e6 3. Nf3 d5 4. g3 Be7 5. Bg2 O-O 6. O-O Nbd7 7. Nc3 c6 8. Nd2
e5 9. dxe5 Nxe5 10. cxd5 cxd5 11. Nb3 Be6 12. Nd4 Bc8 13. Qb3 Nc6 14. Be3 Na5
15. Qc2 Nc4 16. Bg5 Nb6 17. Rad1 1/2-1/2

[Event "II. CLANSKA LIGA ZAHOD 2012"]
[Site " Ljubljana"]
[Date "2012.10.28"]
[Round "9.2"]
[White "Buha, Drago"]
[Black "Zeleznik, Alojz"]
[Result "1/2-1/2"]
[WhiteElo "2011"]
[BlackElo "2202"]
[PlyCount "26"]
[EventDate "2012.10.28"]
[WhiteTeam "SD SIMP RADOVLJICA"]
[BlackTeam "SD JESENICE"]

1. e4 c5 2. Nf3 Nc6 3. d4 cxd4 4. Nxd4 Nf6 5. Nxc6 bxc6 6. Bd3 e5 7. O-O Be7 8.
c4 O-O 9. Nc3 d6 10. b3 Nd7 11. Be3 Qa5 12. Bd2 Qc7 13. Be3 Qa5 1/2-1/2

[Event "II. CLANSKA LIGA ZAHOD 2012"]
[Site " Ljubljana"]
[Date "2012.10.28"]
[Round "9.3"]
[White "Jeraj, Zlatko"]
[Black "Razinger, Igor"]
[Result "1-0"]
[WhiteElo "2070"]
[BlackElo "2031"]
[PlyCount "91"]
[EventDate "2012.10.28"]
[WhiteTeam "SD JESENICE"]
[BlackTeam "SD SIMP RADOVLJICA"]

1. Nf3 Nf6 2. c4 g6 3. Nc3 Bg7 4. g3 O-O 5. Bg2 c6 6. O-O d5 7. cxd5 cxd5 8. d4
Nc6 9. Bf4 a6 10. Qb3 e6 11. Rac1 Ne4 12. Rfd1 f5 13. Na4 g5 14. Be5 Nxe5 15.
Nxe5 g4 16. Nb6 Rb8 17. Bxe4 fxe4 18. Nxg4 Bd7 19. Nxd7 Qxd7 20. Qb6 Rbc8 21.
Rc3 Qf7 22. Rf1 h5 23. Ne5 Bxe5 24. dxe5 Rxc3 25. bxc3 Rc8 26. f3 Rf8 27. a4
Kh8 28. Rf2 Qg6 29. fxe4 Rxf2 30. Kxf2 dxe4 31. Ke3 Qg5+ 32. Kxe4 Qf5+ 33. Ke3
Qxe5+ 34. Kd2 Qg5+ 35. Qe3 Qe7 36. Qe5+ Kg8 37. a5 Qf7 38. Ke3 Kh7 39. Qg5 Qe8
40. Kf2 Kh8 41. Qe5+ Kg8 42. Kg2 Qf7 43. Kh3 Qg6 44. Qb8+ Kh7 45. Qxb7+ Kh6 46.
Qf3 1-0

[Event "II. CLANSKA LIGA ZAHOD 2012"]
[Site " Ljubljana"]
[Date "2012.10.28"]
[Round "9.4"]
[White "Krivec, Metod"]
[Black "Hasanagic, Alen"]
[Result "1/2-1/2"]
[WhiteElo "1825"]
[BlackElo "2124"]
[PlyCount "62"]
[EventDate "2012.10.28"]
[WhiteTeam "SD SIMP RADOVLJICA"]
[BlackTeam "SD JESENICE"]

1. d4 g6 2. c4 Nf6 3. Nc3 Bg7 4. e4 d6 5. Nf3 O-O 6. Be2 e5 7. d5 a5 8. b3 Na6
9. O-O Bd7 10. Rb1 Nc5 11. Nd2 Ne8 12. a3 f5 13. b4 axb4 14. axb4 Na4 15. Qb3
Nf6 16. f3 Bh6 17. exf5 gxf5 18. Nd1 Kh8 19. Ne4 Bxc1 20. Nxf6 Rxf6 21. Rxc1
Rg6 22. f4 Qe7 23. Qe3 Rag8 24. Rf2 Qg7 25. g3 Nb6 26. Bf3 e4 27. Be2 Bc8 28.
Qc3 Qxc3 29. Rxc3 Rd8 30. Ne3 c6 31. Bf1 Kg7 1/2-1/2

[Event "II. CLANSKA LIGA ZAHOD 2012"]
[Site " Ljubljana"]
[Date "2012.10.28"]
[Round "9.5"]
[White "Hasanagic, Anel"]
[Black "Torkar, Boris"]
[Result "1-0"]
[WhiteElo "2102"]
[BlackElo "1849"]
[PlyCount "57"]
[EventDate "2012.10.28"]
[WhiteTeam "SD JESENICE"]
[BlackTeam "SD SIMP RADOVLJICA"]

1. e4 e6 2. d3 d5 3. Nd2 Nf6 4. e5 Nfd7 5. f4 c5 6. g3 Be7 7. Bg2 O-O 8. Ne2 f6
9. exf6 Nxf6 10. O-O Nc6 11. h3 e5 12. f5 e4 13. dxe4 dxe4 14. g4 Qc7 15. Nxe4
Rd8 16. Qe1 Ne5 17. c3 Nd5 18. Qg3 b5 19. Nf4 Bb7 20. Ne6 Qb8 21. Nxd8 Bxd8 22.
f6 Nxf6 23. Nxf6+ Bxf6 24. Bxb7 Qxb7 25. g5 Bd8 26. Qxe5 Bb6 27. Bf4 c4+ 28.
Kh2 Rd8 29. Rad1 1-0

[Event "II. CLANSKA LIGA ZAHOD 2012"]
[Site " Ljubljana"]
[Date "2012.10.28"]
[Round "9.6"]
[White "Pretnar, Bostjan"]
[Black "Hrenic, Misa"]
[Result "0-1"]
[WhiteElo "1677"]
[BlackElo "2057"]
[PlyCount "84"]
[EventDate "2012.10.28"]
[WhiteTeam "SD SIMP RADOVLJICA"]
[BlackTeam "SD JESENICE"]

1. d4 Nf6 2. Bg5 c5 3. Bxf6 gxf6 4. Nf3 Qb6 5. b3 Bg7 6. dxc5 Qxc5 7. Nbd2 f5
8. Rc1 Qa3 9. c3 Qxa2 10. Ra1 Qb2 11. Rc1 Nc6 12. Rc2 Qa3 13. e3 d6 14. Bd3 O-O
15. O-O Qa5 16. Nd4 e6 17. Nc4 Qd8 18. f4 d5 19. Nxc6 bxc6 20. Nd2 f6 21. Rf3
e5 22. Rh3 Qe8 23. Be2 Be6 24. Nf3 Qd7 25. Qe1 e4 26. Nd4 Bf7 27. Qh4 Bg6 28.
Bh5 Kf7 29. g4 fxg4 30. Bxg4 f5 31. Bh5 c5 32. Ne2 Rg8 33. Kh1 Rab8 34. Bxg6+
hxg6 35. Rb2 a5 36. Rg3 a4 37. Nc1 Bxc3 38. Rbg2 Rb6 39. bxa4 Be1 40. Qh7+ Rg7
41. Qh6 Bxg3 42. Rxg3 Qxa4 0-1